Statistics for Billie Eilish - TV lyrics

Click here to take the quiz!

General Stats

  • This quiz has been taken 832 times
  • The average score is 249 of 287

Answer Stats

HintAnswer% Correct
VerseI
100%
a
99%
Just
98%
just
98%
TV
98%
What
98%
what
98%
you
98%
You
98%
VerseDon't
97%
don't
97%
in
97%
the
97%
The
97%
watch
97%
when
97%
be
96%
And
95%
and
95%
my
95%
ChorusNow
95%
now
95%
to
95%
I'll
94%
on
94%
right
94%
wanna
94%
are
93%
So
93%
talk
93%
have
92%
leave
92%
me
92%
ChorusAll
90%
all
90%
Maybe
90%
friends
89%
of
89%
again
88%
at
88%
love
88%
mad
88%
While
88%
while
88%
you're
88%
drown
87%
fall
87%
missing
87%
pool
87%
stay
87%
some
86%
That's
86%
that's
86%
get
85%
happens
85%
see
84%
behind
83%
Did
83%
put
83%
sleep
83%
suffer
83%
them
83%
because
82%
not
82%
should
82%
somebody
82%
time
82%
denial
81%
know
81%
myself
81%
starve
81%
try
81%
for
80%
little
80%
where
80%
I'm
79%
it's
79%
least
79%
survivor
79%
they
79%
problem
78%
tell
78%
we
78%
fine
77%
yourself
77%
made
75%
plans
75%
about
74%
each
73%
other
73%
point
73%
What's
73%
anything
72%
betray
72%
sofa
72%
Sinking
71%
movie
69%
wild
69%
gone
68%
stars
68%
watching
68%
internets
67%
trial
67%
Cause
66%
V
65%
Baby
62%
along
61%
anyone
60%
they're
60%
with
60%
Roe
59%
Wade
59%
overturning
58%

Score Distribution

Percentile by Number Answered

Percent of People with Each Score

Your Score History

You have not taken this quiz